Statistics for Numbers in Dutch Quiz

Click here to take the quiz!

General Stats

  • This quiz has been taken 55 times
  • The average score is 24 of 28

Answer Stats

NumberNederlandse% Correct
1een
98%
2twee
98%
3drie
96%
4vier
96%
8acht
96%
9negen
96%
5vijf
94%
7zeven
92%
10tien
92%
11elf
92%
6zes
90%
12twaalf
90%
19negentien
83%
18achttien
83%
15vijftien
83%
16zestien
83%
17zeventien
81%
50vijftig
79%
70zeventig
79%
90negentig
79%
60zestig
77%
100honderd
77%
13dertien
75%
20twintig
75%
14veertien
73%
30dertig
73%
40veertig
73%
80tachtig
73%

Score Distribution

Percentile by Number Answered

Percent of People with Each Score

Your Score History

You have not taken this quiz